000 00499nam a22001577a 4500
005 20251117104023.0
008 251117b |||||||| |||| 00| 0 eng d
020 _a979-8-88715-083-3
100 _aFINDLEY, BORIS
245 _aLIBRARY SCIENCE: FUNCTIONS AND PRACTICES
260 _aDUBLIN
_bORYSON PRESS
_c2023
300 _aV, 280P.
500 _aINCLUDES INDEX
650 _a1.LIBRARY SCIENCE 2. LIBRARY ADMINISTRATION 3. LIBRARY SERVICES 4. INFORMATION RESOURCES MANAGEMNT
942 _2lcc
_cBK
999 _c216193
_d216193